000 00221nam a2200085Ia 4500
005 20250523154322.0
008 250523s9999 xx 000 0 und d
245 0 _aEce Yüce/Ece Abla Oluyor
_cGülten Dayıoğlu
260 _bALTIN
999 _c12046
_d12046